000 00399nam a2200169Ia 4500
001 10793
005 20260306161858.0
008 260306t9999||||xx |||||||||||||| ||spa||
041 _aESP
082 _a954.035
_bG19
100 _a[Autor no identificado]
_eAUT
245 0 _aGandhi:
_bel profeta de la India libre
300 _a
_c
650 _aGEN
654 _aCHU
942 _cLIB
_dJUS
_fJUS
_2ddc
_n
999 _c10793
_d10793